000 00408nam a22001697a 4500
005 20180718151724.0
008 160512b xxu||||| |||| 00| 0 eng d
020 _a0-07-047341-2
041 _aeng
082 _b1694
_a658.1599
100 _aAPTE, P G
_94555
245 _aInternational Financial Management
260 _aNew Delhi
_bTMH
_c1995
300 _a636p,
650 _aManagement
_9241
942 _cBK
999 _c656
_d656